[Event "NRW ch 2014"]
[Site "Solingen"]
[Date "2014.10.11"]
[Round "1.1"]
[White "Hecht, Carsten"]
[Black "Braun, Christian"]
[Result "0-1"]
[WhiteElo "2173"]
[BlackElo "2371"]
[WhiteTeam "LSV Turm Lippstadt"]
[BlackTeam "DJK Aufwärts Aachen"]

1.e4 e6 2.d4 d5 3.Nc3 Bb4 4.e5 b6 5.Qg4 Bf8 6.Nf3 Ne7 7.Bd2 Qd7 8.a4 a5 9.
Bd3 Nbc6 10.O-O Nb4 11.Be2 c6 12.Na2 Nxa2 13.Rxa2 Ba6 14.Bxa6 Rxa6 15.b4 
axb4 16.Bxb4 c5 17.dxc5 Nc6 18.Bd2 bxc5 19.Rb1 h5 20.Qg5 g6 21.Qf6 Rg8 22.
Rab2 Be7 23.Rb8+ Nd8 24.Qf4 Qxa4 25.Qxa4+ Rxa4 26.h4 Ra7 27.Rc8 Kd7 28.
Rcb8 Re8 29.Bg5 Rc7 30.Bxe7 Rxe7 31.Ng5 Nc6 32.Rf8 Nxe5 33.f4 Ng4 34.Nxf7 
Re8 35.Rxe8 Kxe8 36.Ng5 Kd7 37.Rb6 Ra7 38.Kf1 Ra2 39.Nxe6 Rxc2 40.Nf8+ Kc7
41.Rxg6 d4 42.f5 d3 43.Ne6+ Kd7 0-1

[Event "NRW ch 2014"]
[Site "Solingen"]
[Date "2014.10.11"]
[Round "1.2"]
[White "Kniest, Oliver"]
[Black "Albrecht, Oliver"]
[Result "1-0"]
[WhiteElo "2302"]
[BlackElo "2166"]
[WhiteTeam "SG Solingen"]
[BlackTeam "SC Bonn Beuel"]

1.d4 Nf6 2.c4 g6 3.f3 Bg7 4.e4 O-O 5.Nc3 d6 6.Be3 a6 7.Nge2 Nc6 8.Qd2 Re8 
9.g4 e5 10.d5 Nd4 11.Nxd4 exd4 12.Bxd4 c5 13.dxc6 bxc6 14.g5 Nd7 15.Bxg7 
Kxg7 16.O-O-O Qa5 17.h4 Bb7 18.Qxd6 Rad8 19.Be2 Kg8 20.Qg3 Nc5 21.h5 Ne6 
22.hxg6 fxg6 23.f4 Nd4 24.Bd3 c5 25.Rh2 Qc7 26.e5 Qf7 27.b3 Rf8 28.Be4 Nf5
29.Qf3 Rxd1+ 30.Qxd1 Ne3 31.Qf3 Bxe4 32.Nxe4 Qxf4 33.Qxf4 Rxf4 34.Nxc5 Rf5
35.Nd7 Rxg5 36.c5 h5 37.c6 Nd5 38.Nf6+ Nxf6 39.exf6 Rg1+ 40.Kb2 Re1 41.c7 
Re8 42.Rd2 1-0

[Event "NRW ch 2014"]
[Site "Solingen"]
[Date "2014.10.11"]
[Round "1.3"]
[White "Westermann, Johannes"]
[Black "Füllgrabe, Thomas"]
[Result "1/2-1/2"]
[WhiteElo "2158"]
[BlackElo "2256"]
[WhiteTeam "SV Turm Kamp-Lintfort"]
[BlackTeam "SV Welper"]

1.e4 e5 2.Nf3 Nc6 3.Bb5 Nge7 4.O-O g6 5.d4 exd4 6.Nxd4 Bg7 7.Nxc6 bxc6 8.
Ba4 O-O 9.Nc3 d5 10.Bg5 d4 11.Bxc6 Rb8 12.Nd5 f6 13.Nxe7+ Qxe7 14.Bh4 Rxb2
15.Qxd4 Rxc2 16.Bd5+ Kh8 17.Qd1 Rc5 18.f3 Be6 19.Bxe6 Qxe6 20.Rc1 Rxc1 21.
Qxc1 Rc8 22.Qc5 Qb6 23.Bf2 Qxc5 24.Bxc5 a6 25.Rd1 Kg8 26.Rd7 h5 27.Kf2 Bf8
28.Bxf8 Kxf8 29.Ke3 Rb8 30.Rxc7 Rb2 31.Rc6 Rxa2 32.Rxf6+ Kg7 33.Rb6 a5 34.
g3 Rxh2 35.Ra6 Ra2 36.Kf4 Kh6 37.g4 hxg4 38.Kxg4 Kg7 39.Kg5 Rg2+ 40.Kf4 
Ra2 41.Ke5 Rh2 42.f4 Rh5+ 43.Ke6 Rh4 44.Ra7+ Kg8 45.Ke5 Kf8 46.Ra6 Kf7 47.
Rxa5 Rh5+ 48.f5 gxf5 49.exf5 Rh6 50.Ra7+ Kf8 51.Kf4 Rb6 52.Kg5 Rc6 1/2-1/2

[Event "NRW ch 2014"]
[Site "Solingen"]
[Date "2014.10.11"]
[Round "1.4"]
[White "Schmücker, Marcus"]
[Black "Meinhardt, Michael"]
[Result "1-0"]
[WhiteElo "2251"]
[BlackElo "2127"]
[WhiteTeam "SK Königsspringer Iserlohn"]
[BlackTeam "SV Weidenau/Geisweid"]

1.Nf3 Nf6 2.c4 e6 3.g3 d5 4.Bg2 dxc4 5.Qa4+ c6 6.Qxc4 b5 7.Qc2 Bb7 8.d4 
Nbd7 9.Nc3 c5 10.dxc5 Bxc5 11.O-O Qb6 12.Qb3 a6 13.a4 b4 14.a5 Qc7 15.Bf4 
Bd6 16.Bxd6 Qxd6 17.Rfd1 Qe7 18.Na2 Bd5 19.Qxb4 Rb8 20.Qd4 O-O 21.Nc3 Qb4 
22.Nxd5 Nxd5 23.Rd2 Nc5 24.Qxb4 Rxb4 25.Nd4 Nb3 26.Nxb3 Rxb3 27.e4 Nf6 28.
f3 Rfb8 29.Ra2 Kf8 30.Kf2 Ne8 31.Bf1 Nc7 32.Bc4 R3b4 33.b3 Ke7 34.Rd3 Nb5 
35.Rad2 Rb7 36.Rd8 Rc7 37.e5 Nc3 38.Ra8 Nd5 39.Rxa6 Rb8 40.f4 Rcb7 41.Bxd5
exd5 42.Rxd5 Rxb3 43.Ra7+ R8b7 44.Rxb7+ Rxb7 45.Ke3 Rb1 46.Kd4 f6 47.exf6+
Kxf6 48.Kc5 Ke6 49.Rd6+ Ke7 50.Rd4 Ra1 51.Kb5 Rb1+ 52.Rb4 1-0

[Event "NRW ch 2014"]
[Site "Solingen"]
[Date "2014.10.11"]
[Round "1.5"]
[White "Tückmantel, Rene"]
[Black "Valkyser, Martin"]
[Result "1/2-1/2"]
[WhiteElo "2106"]
[BlackElo "2237"]
[WhiteTeam "Bahn-SC Wuppertal"]
[BlackTeam "SF Katernberg"]

1.c4 c5 2.Nf3 d6 3.d4 cxd4 4.Nxd4 b6 5.Nc3 Bb7 6.e4 Nf6 7.f3 e6 8.Be3 Be7 
9.Qd2 O-O 10.O-O-O a6 11.Kb1 Nbd7 12.g4 Ne5 13.Be2 Nexg4 14.fxg4 Nxe4 15.
Nxe4 Bxe4+ 16.Bd3 Bxh1 17.Rxh1 Rc8 18.Qg2 Bf6 19.g5 Be5 20.Nc6 Qc7 21.Nxe5
dxe5 22.Qe4 g6 23.Rc1 Rfd8 24.h4 Rd7 25.h5 Rcd8 26.Be2 Rd4 27.Bxd4 exd4 
28.hxg6 hxg6 29.Qh4 d3 30.Rh1 Qe5 31.Bd1 Rd4 32.Qh7+ Kf8 33.Qh8+ Qxh8 34.
Rxh8+ Ke7 35.b3 e5 36.Kc1 Rf4 37.Kd2 e4 38.Rb8 Rf5 39.Ke3 Rxg5 40.Kxe4 Rg1
41.Bf3 d2 42.Rb7+ Ke8 43.Rxb6 d1=Q 44.Bxd1 Rxd1 45.Rxa6 Ke7 46.c5 f5+ 47.
Ke3 g5 48.b4 f4+ 49.Ke2 Rg1 50.Kf2 Rb1 51.Rg6 Rxb4 52.Rxg5 Kd7 1/2-1/2

[Event "NRW ch 2014"]
[Site "Solingen"]
[Date "2014.10.11"]
[Round "1.6"]
[White "Keller, Karsten"]
[Black "Lindam, Ingo"]
[Result "1-0"]
[WhiteElo "2200"]
[BlackElo "2070"]
[WhiteTeam "Langenfelder SF"]
[BlackTeam "Kölner SK Dr. Lasker"]

1.c4 c5 2.Nf3 g6 3.d4 Bg7 4.e4 cxd4 5.Nxd4 Nc6 6.Be3 Nf6 7.Nc3 Ng4 8.Qxg4 
Nxd4 9.Qd1 Ne6 10.Rc1 Qa5 11.a3 Qe5 12.Bd3 d6 13.O-O g5 14.b4 Bd7 15.Nd5 
Bc6 16.Bd2 Qb2 17.Rb1 Qxa3 18.Rb3 Qa2 19.Nc3 Bxc3 20.Bxc3 Ba4 21.Rb2 Bxd1 
22.Rxa2 Bb3 23.Ra3 Bxc4 24.Bxc4 O-O 25.Bd5 Nf4 26.Bxb7 Rab8 27.Ba6 Rb6 28.
Bd2 1-0

[Event "NRW ch 2014"]
[Site "Solingen"]
[Date "2014.10.11"]
[Round "1.7"]
[White "Schroer, Klaus"]
[Black "Villwock, Martin"]
[Result "1-0"]
[WhiteElo "2069"]
[BlackElo "2185"]
[WhiteTeam "TV Borken"]
[BlackTeam "SF Katernberg"]

1.e4 c5 2.c3 d6 3.d4 Nf6 4.f3 Nc6 5.Be3 e5 6.d5 Ne7 7.Bd3 g6 8.Ne2 Bg7 9.
O-O O-O 10.g4 Ne8 11.Ng3 f5 12.gxf5 gxf5 13.exf5 Nxf5 14.Nxf5 Bxf5 15.Bxf5
Rxf5 16.Nd2 Qh4 17.Ne4 Bh6 18.Bxh6 Qxh6 19.Kh1 Ng7 20.Qe2 Raf8 21.Rf2 Kh8 
22.Raf1 Nh5 23.c4 Rf4 24.Rg1 Ng7 25.Ng5 Nf5 26.Rfg2 Nd4 27.Qd3 R4f5 28.
Qxf5 1-0

[Event "NRW ch 2014"]
[Site "Solingen"]
[Date "2014.10.11"]
[Round "1.8"]
[White "Chilla, Jan Eric"]
[Black "Terhuven, Patrick"]
[Result "1-0"]
[WhiteElo "2183"]
[BlackElo "2042"]
[WhiteTeam "SK Münster"]
[BlackTeam "Krefelder SK Turm"]

1.Nf3 Nf6 2.g3 b6 3.Bg2 Bb7 4.O-O c5 5.c4 e6 6.b3 Be7 7.Bb2 d6 8.Nc3 O-O 
9.e3 a6 10.Qe2 Nbd7 11.d4 cxd4 12.exd4 Re8 13.Rfe1 Bf8 14.Rac1 Rc8 15.h4 
Qc7 16.Qd2 Qb8 17.d5 Qa8 18.Ng5 exd5 19.Nxd5 Rxe1+ 20.Rxe1 Nxd5 21.cxd5 
Re8 22.Bh3 Ne5 23.f4 Ng6 24.Rxe8 Qxe8 25.h5 Ne7 26.Qd3 Ng6 27.hxg6 Qe1+ 
28.Bf1 hxg6 29.Bc3 Qc1 30.Kf2 Qa3 31.Qd2 Qc5+ 32.Qd4 Qa3 33.f5 Qxa2+ 34.
Be2 1-0

[Event "NRW ch 2014"]
[Site "Solingen"]
[Date "2014.10.12"]
[Round "2.1"]
[White "Braun, Christian"]
[Black "Keller, Karsten"]
[Result "1-0"]
[WhiteElo "2371"]
[BlackElo "2200"]
[WhiteTeam "DJK Aufwärts Aachen"]
[BlackTeam "Langenfelder SF"]

1.e4 c5 2.Nf3 d6 3.d4 cxd4 4.Nxd4 Nf6 5.Nc3 a6 6.Be3 e5 7.Nde2 Be6 8.Qd2 
Nbd7 9.f3 h5 10.Nd5 Bxd5 11.exd5 g6 12.c4 Rc8 13.Nc3 Bg7 14.Be2 h4 15.O-O 
h3 16.g3 Nh5 17.Ne4 Ndf6 18.Nf2 Nd7 19.Rfe1 f5 20.Bf1 f4 21.Bxf4 O-O 22.
Bg5 Bf6 23.Be3 e4 24.f4 g5 25.Bxh3 gxf4 26.gxf4 Rxc4 27.Qe2 Nxf4 28.Bxf4 
Ne5 29.Be6+ Kg7 30.Bxe5 Bxe5 31.Qg4+ Kh6 32.Qh3+ Kg7 33.Kh1 Rh8 34.Qg2+ 
Kf8 35.Ng4 Qg5 36.Qf1+ Qf4 37.Qxf4+ Bxf4 38.Rf1 e3 39.Nxe3 Re4 40.Ng2 1-0

[Event "NRW ch 2014"]
[Site "Solingen"]
[Date "2014.10.12"]
[Round "2.2"]
[White "Chilla, Jan Eric"]
[Black "Kniest, Oliver"]
[Result "1-0"]
[WhiteElo "2183"]
[BlackElo "2302"]
[WhiteTeam "SK Münster"]
[BlackTeam "SG Solingen"]

1.Nf3 Nf6 2.g3 g6 3.b3 Bg7 4.Bb2 c5 5.c4 b6 6.Bg2 Bb7 7.O-O O-O 8.Nc3 Na6 
9.Rc1 e6 10.d4 d5 11.cxd5 exd5 12.dxc5 Nxc5 13.Nb5 Qd7 14.Nbd4 Rfe8 15.b4 
Nce4 16.Qb3 Rac8 17.h3 Bh6 18.Rxc8 Qxc8 19.Nb5 Qb8 20.g4 Bg7 21.g5 Nh5 22.
Bxg7 Nxg7 23.e3 Ne6 24.h4 a6 25.Nc3 d4 26.Ne2 dxe3 27.Qxe3 Nd6 28.Ned4 
Nxd4 29.Qxd4 Re4 30.Qxb6 Rg4 31.Rd1 Rxg2+ 32.Kf1 Rxf2+ 33.Kxf2 Ne4+ 34.Ke3
1-0

[Event "NRW ch 2014"]
[Site "Solingen"]
[Date "2014.10.12"]
[Round "2.3"]
[White "Schroer, Klaus"]
[Black "Schmücker, Marcus"]
[Result "1-0"]
[WhiteElo "2069"]
[BlackElo "2251"]
[WhiteTeam "TV Borken"]
[BlackTeam "SK Königsspringer Iserlohn"]

1.e4 e6 2.d4 d5 3.Nd2 Nf6 4.e5 Nfd7 5.Bd3 c5 6.c3 Nc6 7.Ne2 cxd4 8.cxd4 f6
9.exf6 Nxf6 10.O-O Bd6 11.Nf3 Qc7 12.g3 O-O 13.Bf4 Ng4 14.Rc1 Bxf4 15.Nxf4
Rxf4 16.gxf4 Qxf4 17.Be2 Bd7 18.Qd2 Qf6 19.Rcd1 Rf8 20.Qg5 Qxg5 21.Nxg5 
Rf4 22.Nh3 Rf6 23.Bxg4 Rg6 24.f3 h5 25.Nf4 1-0

[Event "NRW ch 2014"]
[Site "Solingen"]
[Date "2014.10.12"]
[Round "2.4"]
[White "Füllgrabe, Thomas"]
[Black "Tückmantel, Rene"]
[Result "1/2-1/2"]
[WhiteElo "2256"]
[BlackElo "2106"]
[WhiteTeam "SV Welper"]
[BlackTeam "Bahn-SC Wuppertal"]

1.e4 c5 2.Nf3 e6 3.g3 Nc6 4.Bg2 g6 5.d4 cxd4 6.Nxd4 e5 7.Nb5 d6 8.N1c3 a6 
9.Na3 Be6 10.O-O Bg7 11.Nd5 Nge7 12.Ne3 b5 13.c3 O-O 14.Nac2 Qc7 15.Qd3 
Rfd8 16.a4 Rab8 17.axb5 axb5 18.Nd5 Nxd5 19.exd5 Bf5 20.Be4 Bxe4 21.Qxe4 
Ne7 22.Be3 Ra8 23.Nb4 Rdc8 24.Qd3 Qb7 25.f3 h6 26.Bf2 f5 27.Rfd1 Bf8 28.
Rxa8 Rxa8 29.Qe3 Kf7 30.Qb6 Qxb6 31.Bxb6 Ke8 32.Kf1 Kd7 33.Ke2 Ng8 34.Rc1 
Nf6 35.Kd2 Be7 36.Kc2 Bd8 37.Bxd8 Kxd8 38.Rg1 h5 39.Kb3 e4 40.f4 Kd7 41.c4
1/2-1/2

[Event "NRW ch 2014"]
[Site "Solingen"]
[Date "2014.10.12"]
[Round "2.5"]
[White "Valkyser, Martin"]
[Black "Westermann, Johannes"]
[Result "1/2-1/2"]
[WhiteElo "2237"]
[BlackElo "2158"]
[WhiteTeam "SF Katernberg"]
[BlackTeam "SV Turm Kamp-Lintfort"]

1.d4 d5 2.c4 e6 3.Nf3 Nf6 4.g3 Be7 5.Bg2 O-O 6.O-O dxc4 7.Qc2 a6 8.Qxc4 b5
9.Qc2 Bb7 10.Bd2 Nc6 11.e3 Nb4 12.Bxb4 Bxb4 13.a3 Be4 14.Qc1 Bd6 15.Nbd2 
Bb7 16.Qc2 Qe7 17.e4 e5 18.Rac1 Rac8 19.Bh3 Rb8 20.d5 Bc8 21.Bxc8 Rfxc8 
22.Nb3 Qd7 23.Nfd2 b4 24.a4 Qxa4 25.Ra1 Qb5 26.Na5 Ra8 27.b3 Re8 28.Rfc1 
Qe2 29.Re1 Qb5 30.Rec1 Qe2 31.Re1 Qb5 32.Nc6 Nd7 33.Ra5 Qb7 34.Kg2 Nb8 35.
Rc1 Nxc6 36.Qxc6 Qb6 37.Rca1 Qxc6 38.dxc6 f6 39.Nc4 Red8 40.Kf1 Kf7 41.Ke2
Ke6 42.Rxa6 Rxa6 43.Rxa6 h5 44.f3 g6 45.Ra5 Rb8 46.h3 1/2-1/2

[Event "NRW ch 2014"]
[Site "Solingen"]
[Date "2014.10.12"]
[Round "2.6"]
[White "Villwock, Martin"]
[Black "Albrecht, Oliver"]
[Result "1-0"]
[WhiteElo "2185"]
[BlackElo "2166"]
[WhiteTeam "SF Katernberg"]
[BlackTeam "SC Bonn Beuel"]

1.d4 Nf6 2.c4 g6 3.Nc3 d5 4.cxd5 Nxd5 5.e4 Nxc3 6.bxc3 Bg7 7.Qa4+ c6 8.Nf3
O-O 9.Qa3 Nd7 10.Bg5 Re8 11.Bc4 b5 12.Bd3 Nb6 13.O-O Be6 14.Rfd1 Bc4 15.
Qc1 a5 16.Bh6 Bh8 17.Ng5 Qd7 18.Bxc4 Nxc4 19.Qf4 f6 20.Nf3 Rad8 21.h4 Qd6 
22.Qg4 Qd7 23.Qg3 Qe6 24.Re1 Bg7 25.d5 cxd5 26.Nd4 Qb6 27.Bxg7 Kxg7 28.
exd5 Kh8 29.Ne6 Rd7 30.Rad1 Nd6 31.h5 g5 32.Qg4 Qa7 33.h6 Rg8 34.Nd4 Qb7 
35.Nc6 a4 36.Qd4 Nf5 37.Qe4 Nd6 38.Qe6 Rg6 39.Nxe7 Ne8 40.Nxg6+ 1-0

[Event "NRW ch 2014"]
[Site "Solingen"]
[Date "2014.10.12"]
[Round "2.7"]
[White "Lindam, Ingo"]
[Black "Hecht, Carsten"]
[Result "1/2-1/2"]
[WhiteElo "2070"]
[BlackElo "2173"]
[WhiteTeam "Kölner SK Dr. Lasker"]
[BlackTeam "LSV Turm Lippstadt"]

1.d4 Nf6 2.Bg5 e6 3.Nd2 h6 4.Bh4 d5 5.e3 c5 6.c3 Nbd7 7.Ngf3 Be7 8.Bd3 O-O
9.Ne5 Nxe5 10.dxe5 Nd7 11.Bg3 Qb6 12.Rb1 d4 13.O-O dxc3 14.Nc4 Qc6 15.Qg4 
f5 16.exf6 Nxf6 17.Qg6 Qe8 18.Ne5 b6 19.Qxe8 Rxe8 20.Bb5 Rd8 21.Nc6 Rd7 
22.Ne5 Rd8 23.Nc6 Rd7 24.Ne5 Rd8 1/2-1/2

[Event "NRW ch 2014"]
[Site "Solingen"]
[Date "2014.10.13"]
[Round "3.1"]
[White "Braun, Christian"]
[Black "Chilla, Jan Eric"]
[Result "1-0"]
[WhiteElo "2371"]
[BlackElo "2183"]
[WhiteTeam "DJK Aufwärts Aachen"]
[BlackTeam "SK Münster"]

1.e4 c5 2.Nf3 d6 3.c3 Nf6 4.h3 Nbd7 5.Bd3 b6 6.O-O Bb7 7.Re1 Qc7 8.Qe2 e6 
9.Bc2 Rc8 10.d3 Be7 11.Bf4 O-O 12.Nbd2 a6 13.Rac1 Rfe8 14.Bb1 Bf8 15.Bh2 
b5 16.d4 cxd4 17.Nxd4 Qb6 18.N4f3 g6 19.Rcd1 e5 20.a3 Nc5 21.Qe3 Na4 22.
Qxb6 Nxb6 23.Bc2 Bg7 24.Bb3 h6 25.Nh4 Kf8 26.f4 exf4 27.Bxf4 Rcd8 28.Rf1 
g5 29.Be3 Nbd5 30.exd5 Rxe3 31.Nf5 Re5 32.c4 bxc4 33.Nxc4 Rxd5 34.Ncxd6 
Rxd1 35.Rxd1 Bc8 36.Nxg7 Ne4 37.Nxe4 Rxd1+ 38.Bxd1 Kxg7 39.b4 1-0

[Event "NRW ch 2014"]
[Site "Solingen"]
[Date "2014.10.13"]
[Round "3.2"]
[White "Kniest, Oliver"]
[Black "Schroer, Klaus"]
[Result "1/2-1/2"]
[WhiteElo "2302"]
[BlackElo "2069"]
[WhiteTeam "SG Solingen"]
[BlackTeam "TV Borken"]

1.c4 Nf6 2.Nc3 e6 3.e4 d5 4.e5 d4 5.exf6 dxc3 6.bxc3 Qxf6 7.Nf3 Nc6 8.d4 
Bd7 9.Bd3 h6 10.Rb1 b6 11.Be4 Bd6 12.Qe2 Rd8 13.h4 Qe7 14.O-O O-O 15.Re1 
Rfe8 16.g3 f5 17.Bc2 e5 18.c5 bxc5 19.Bb3+ Kh8 20.Bg5 Qf8 21.Bxd8 exd4 22.
Qd1 Rxe1+ 23.Qxe1 Qxd8 24.Qd1 Qf6 25.Ba4 f4 26.g4 Qe6 27.g5 Qg4+ 28.Kf1 
Qh3+ 29.Ke1 dxc3 30.Bxc6 Bxc6 31.Rb8+ Kh7 32.Qd3+ g6 33.Qxc3 Qe6+ 34.Kd1 
Bxf3+ 35.Qxf3 Qxa2 36.Qc6 Qa1+ 37.Ke2 Qe5+ 38.Kf1 Qe6 39.gxh6 Qh3+ 40.Ke2 
Qe6+ 41.Kf1 Qh3+ 42.Ke2 Qe6+ 43.Kf1 1/2-1/2

[Event "NRW ch 2014"]
[Site "Solingen"]
[Date "2014.10.13"]
[Round "3.3"]
[White "Keller, Karsten"]
[Black "Füllgrabe, Thomas"]
[Result "1/2-1/2"]
[WhiteElo "2200"]
[BlackElo "2256"]
[WhiteTeam "Langenfelder SF"]
[BlackTeam "SV Welper"]

1.Nf3 Nf6 2.c4 g6 3.Nc3 Bg7 4.e4 d6 5.d4 O-O 6.Be2 Na6 7.O-O e5 8.Be3 Ng4 
9.Bg5 Qe8 10.dxe5 dxe5 11.Qc1 h6 12.Bh4 f5 13.h3 Nf6 14.Bxf6 Rxf6 15.c5 
Rf7 16.exf5 gxf5 17.Re1 e4 18.Bc4 Nxc5 19.Qe3 b6 20.Bxf7+ Qxf7 21.Nd4 f4 
22.Qd2 Bb7 23.Nb3 Nd3 24.Rxe4 Bxc3 25.Qxd3 1/2-1/2

[Event "NRW ch 2014"]
[Site "Solingen"]
[Date "2014.10.13"]
[Round "3.4"]
[White "Schmücker, Marcus"]
[Black "Westermann, Johannes"]
[Result "0-1"]
[WhiteElo "2251"]
[BlackElo "2158"]
[WhiteTeam "SK Königsspringer Iserlohn"]
[BlackTeam "SV Turm Kamp-Lintfort"]

1.Nf3 d5 2.g3 Nf6 3.Bg2 Bf5 4.O-O e6 5.c4 c6 6.d4 Bd6 7.Nc3 O-O 8.Qb3 b6 
9.Nh4 Bg4 10.e4 dxe4 11.Nxe4 Nxe4 12.Bxe4 Be7 13.Nf3 f5 14.Ne5 Qxd4 15.
Nxc6 Nxc6 16.Bxc6 Rad8 17.Be3 Qd6 18.Bg2 Kh8 19.Rac1 Rc8 20.f3 Bh5 21.Rfd1
Qc6 22.Rd3 Rfd8 23.Rxd8+ Rxd8 24.g4 Bg6 25.f4 Qc7 26.c5 Bxc5 27.Bxc5 bxc5 
28.Qe3 fxg4 29.Rxc5 Qb6 30.Qc3 h6 31.b4 Rd3 32.Qc4 Qd6 33.Rc6 Rd1+ 34.Bf1 
Qd3 0-1

[Event "NRW ch 2014"]
[Site "Solingen"]
[Date "2014.10.13"]
[Round "3.5"]
[White "Terhuven, Patrick"]
[Black "Valkyser, Martin"]
[Result "0-1"]
[WhiteElo "2042"]
[BlackElo "2237"]
[WhiteTeam "Krefelder SK Turm"]
[BlackTeam "SF Katernberg"]

1.Nf3 c5 2.b3 d6 3.Bb2 Nf6 4.g3 e5 5.d3 g6 6.Bg2 Bg7 7.O-O O-O 8.c4 Re8 9.
Nc3 Nc6 10.e3 Nh5 11.Qd2 f5 12.Ne1 Nf6 13.Nc2 Qe7 14.a3 Be6 15.Nd5 Qf7 16.
Nxf6+ Bxf6 17.d4 e4 18.Rab1 Qg7 19.Rfd1 Bf7 20.Ba1 Rad8 21.d5 Bxa1 22.Rxa1
Ne5 23.Rab1 b6 24.Qe2 Rc8 25.Rf1 g5 26.f3 Bh5 27.Ne1 exf3 28.Nxf3 Ng4 29.
Qd3 Nxe3 30.Rfe1 f4 31.Kh1 Bg6 0-1

[Event "NRW ch 2014"]
[Site "Solingen"]
[Date "2014.10.13"]
[Round "3.6"]
[White "Tückmantel, Rene"]
[Black "Villwock, Martin"]
[Result "0-1"]
[WhiteElo "2106"]
[BlackElo "2185"]
[WhiteTeam "Bahn-SC Wuppertal"]
[BlackTeam "SF Katernberg"]

1.c4 e5 2.g3 Nf6 3.Bg2 h6 4.Nc3 Bb4 5.Nd5 Bc5 6.d3 c6 7.Nxf6+ Qxf6 8.e3 d6
9.Ne2 O-O 10.O-O Bb6 11.Bd2 Bg4 12.Bc3 Re8 13.b4 Nd7 14.Qd2 Bf3 15.Bb2 
Rad8 16.Nc3 Nf8 17.Rac1 Ne6 18.Bxf3 Qxf3 19.Qe2 Qf5 20.Rfd1 g5 21.g4 Qg6 
22.Qf3 Ng7 23.c5 Bc7 24.Ne4 f5 25.Nxd6 Bxd6 26.cxd6 Rxd6 27.gxf5 Nxf5 28.
Qe4 Rde6 29.Rc5 Qh5 30.f3 g4 31.fxg4 Rg6 32.Rd2 Rxg4+ 33.Rg2 Rxg2+ 34.Kxg2
Qe2+ 35.Kh3 Qh5+ 36.Kg2 Re6 37.Bxe5 Qe2+ 38.Kh3 Nxe3 39.Qf4 Rg6 40.Bd4 
Qg2+ 0-1

[Event "NRW ch 2014"]
[Site "Solingen"]
[Date "2014.10.13"]
[Round "3.7"]
[White "Albrecht, Oliver"]
[Black "Hecht, Carsten"]
[Result "1-0"]
[WhiteElo "2166"]
[BlackElo "2173"]
[WhiteTeam "SC Bonn Beuel"]
[BlackTeam "LSV Turm Lippstadt"]

1.d4 Nf6 2.c4 g6 3.g3 Bg7 4.Bg2 d5 5.cxd5 Nxd5 6.Nf3 O-O 7.O-O Nc6 8.Nc3 
Nb6 9.e3 a5 10.Qe2 Be6 11.Rd1 Bc4 12.Qe1 Qc8 13.b3 Ba6 14.Bb2 Nb4 15.Qd2 
Rd8 16.Ne4 Bb5 17.Nc5 Nd7 18.Qc1 e6 19.a3 Nd5 20.Qc2 b6 21.Nxd7 Qxd7 22.
Rac1 Rac8 23.e4 Ne7 24.h4 Qc6 25.Qb1 Qb7 26.Ne5 Be2 27.Re1 Bxe5 28.dxe5 
Bd3 29.Qa1 c5 30.Bc3 Nc6 31.Rcd1 b5 32.Qb2 b4 33.axb4 cxb4 34.Bd2 Nd4 35.
Bg5 Rc2 36.Qa1 Nxb3 37.Qa4 Nc5 38.Qxc2 Bxc2 39.Rxd8+ Kg7 40.Bf6+ Kh6 41.
Rg8 Bxe4 42.Rxe4 Qxe4 43.Bxe4 Nxe4 44.Ra8 Nc3 45.g4 1-0

[Event "NRW ch 2014"]
[Site "Solingen"]
[Date "2014.10.13"]
[Round "3.8"]
[White "Meinhardt, Michael"]
[Black "Lindam, Ingo"]
[Result "1-0"]
[WhiteElo "2127"]
[BlackElo "2070"]
[WhiteTeam "SV Weidenau/Geisweid"]
[BlackTeam "Kölner SK Dr. Lasker"]

1.e4 c5 2.c3 Nf6 3.e5 Nd5 4.d4 cxd4 5.Nf3 e6 6.cxd4 d6 7.Bc4 Nb6 8.Bb3 
dxe5 9.Nxe5 Nc6 10.Nf3 Be7 11.Nc3 O-O 12.O-O Bf6 13.Be3 Na5 14.Bc2 Nac4 
15.Qd3 g6 16.Ne4 Bg7 17.Bg5 f6 18.Bb3 Na5 19.Bd2 Nxb3 20.Qxb3 Qd5 21.Qxd5 
Nxd5 22.Nc3 Rd8 23.Rac1 Nxc3 24.Rxc3 Bd7 25.Re1 Rac8 26.Ra3 a6 27.Ba5 Re8 
28.Rae3 Bh6 29.R3e2 Kf7 30.Nd2 Bf8 31.Ne4 Bb5 32.Re3 Rc4 33.Rf3 Bg7 34.
Nd6+ Kg8 35.Nxe8 Bxe8 36.Rxe6 Bc6 37.Rd3 Bd5 38.Re1 Rc2 39.Bc3 f5 40.Rd2 
Rxd2 41.Bxd2 Bxd4 42.Re8+ Kf7 43.Rd8 Ke6 44.Bf4 Bc5 45.a3 Be7 46.Rc8 Bc6 
47.Rc7 g5 48.Bc1 h6 49.b4 f4 50.Bb2 g4 51.Bc1 f3 52.gxf3 Bxf3 53.Bxh6 a5 
54.Rc4 b5 55.Rc3 axb4 56.axb4 Kd5 57.Bd2 Kd4 58.Rc7 Bh4 59.Kf1 Kd3 60.Ke1 
Bd5 61.Rc5 Bc4 62.Rh5 Bxf2+ 63.Kxf2 Kxd2 64.Rg5 Kc3 65.Rxg4 Kxb4 66.Ke1 
Kc3 67.Kd1 b4 68.h4 b3 69.Rxc4+ Kxc4 70.h5 Kd3 71.Kc1 1-0

[Event "NRW ch 2014"]
[Site "Solingen"]
[Date "2014.10.14"]
[Round "4.1"]
[White "Schroer, Klaus"]
[Black "Braun, Christian"]
[Result "0-1"]
[WhiteElo "2069"]
[BlackElo "2371"]
[WhiteTeam "TV Borken"]
[BlackTeam "DJK Aufwärts Aachen"]

1.e4 e6 2.d4 d5 3.Nd2 Nc6 4.Ngf3 Nf6 5.e5 Nd7 6.c3 f6 7.exf6 Qxf6 8.Nb3 
Bd6 9.Be3 O-O 10.Be2 a5 11.a4 Qg6 12.g3 Nf6 13.Nbd2 Ng4 14.Nh4 Nxe3 15.
Nxg6 Nxd1 16.Nxf8 Nxb2 17.Nxh7 Kxh7 18.Ra2 Nc4 19.Bd3+ g6 20.Bxc4 dxc4 21.
Nxc4 Be7 22.h4 b6 23.f4 Ba6 24.Na3 Bxa3 25.Rxa3 Bc4 26.h5 Ne7 27.hxg6+ 
Kxg6 28.Kf2 Nd5 29.Rh4 c6 30.Kf3 b5 31.axb5 cxb5 32.Ke4 a4 33.Rg4+ Kf6 34.
Rh4 Bb3 35.Rh6+ Kg7 36.Rxe6 Nxc3+ 37.Kd3 Bxe6 38.Kxc3 Bc4 39.Kb4 Rd8 40.
Kc3 Kf6 41.Ra1 Rg8 42.Rg1 a3 43.g4 a2 44.Kb2 Re8 45.Rd1 Re2+ 46.Kc3 Rf2 
47.g5+ Kg6 0-1

[Event "NRW ch 2014"]
[Site "Solingen"]
[Date "2014.10.14"]
[Round "4.2"]
[White "Valkyser, Martin"]
[Black "Chilla, Jan Eric"]
[Result "0-1"]
[WhiteElo "2237"]
[BlackElo "2183"]
[WhiteTeam "SF Katernberg"]
[BlackTeam "SK Münster"]

1.d4 Nf6 2.c4 e6 3.g3 d5 4.Nf3 dxc4 5.Bg2 a6 6.O-O Nc6 7.Nc3 Rb8 8.e4 Be7 
9.e5 Nd5 10.Ne4 h6 11.Bd2 b5 12.b3 Nb6 13.Rc1 Nxd4 14.Nxd4 Qxd4 15.Qg4 Kf8
16.Bc3 Qd8 17.Rfd1 Bd7 18.bxc4 Nxc4 19.Nf6 gxf6 20.exf6 Bxf6 21.Rxd7 Qxd7 
22.Bxf6 Rg8 23.Qh4 Rg6 24.Be4 Rxf6 25.Qxf6 Qd2 26.Rxc4 bxc4 27.Bg6 Qd1+ 
28.Kg2 Qd5+ 29.Kh3 e5 30.Bxf7 Qxf7 31.Qh8+ Qg8 32.Qf6+ Ke8 33.Qc6+ Kd8 34.
Qf6+ Kd7 0-1

[Event "NRW ch 2014"]
[Site "Solingen"]
[Date "2014.10.14"]
[Round "4.3"]
[White "Westermann, Johannes"]
[Black "Villwock, Martin"]
[Result "0-1"]
[WhiteElo "2158"]
[BlackElo "2185"]
[WhiteTeam "SV Turm Kamp-Lintfort"]
[BlackTeam "SF Katernberg"]

1.e4 e5 2.Nf3 Nc6 3.Bb5 f5 4.d4 fxe4 5.Nxe5 Nxe5 6.dxe5 c6 7.Ba4 Qa5+ 8.
Nc3 Qxe5 9.O-O Nf6 10.Re1 d5 11.f3 Bc5+ 12.Kh1 O-O 13.Bb3 Kh8 14.Qe2 Qh5 
15.fxe4 Ng4 16.h3 Nf2+ 17.Kh2 Bg4 18.Qd2 Rf3 0-1

[Event "NRW ch 2014"]
[Site "Solingen"]
[Date "2014.10.14"]
[Round "4.4"]
[White "Füllgrabe, Thomas"]
[Black "Kniest, Oliver"]
[Result "1-0"]
[WhiteElo "2256"]
[BlackElo "2302"]
[WhiteTeam "SV Welper"]
[BlackTeam "SG Solingen"]

1.e4 e6 2.d4 d5 3.Nd2 c5 4.c3 Nc6 5.Ngf3 Nf6 6.Bd3 cxd4 7.cxd4 dxe4 8.Nxe4
Be7 9.O-O O-O 10.Nc3 Nb4 11.Bb1 b6 12.a3 Nbd5 13.Qd3 Bb7 14.Re1 Re8 15.Ne5
g6 16.Qh3 Bf8 17.Bg5 Qd6 18.Nxd5 exd5 19.Bd3 Ne4 20.Bf4 Qe6 21.Qxe6 Rxe6 
22.Rac1 Rc8 23.Rxc8 Bxc8 24.Rc1 Bb7 25.Bxe4 dxe4 26.Rc7 Bd5 27.Rc8 Kg7 28.
Ng4 g5 29.Be5+ f6 30.Nxf6 1-0

[Event "NRW ch 2014"]
[Site "Solingen"]
[Date "2014.10.14"]
[Round "4.5"]
[White "Terhuven, Patrick"]
[Black "Keller, Karsten"]
[Result "1/2-1/2"]
[WhiteElo "2042"]
[BlackElo "2200"]
[WhiteTeam "Krefelder SK Turm"]
[BlackTeam "Langenfelder SF"]

1.Nf3 Nf6 2.c4 e6 3.g3 c5 4.Bg2 Nc6 5.O-O d5 6.b3 Be7 7.e3 O-O 8.Bb2 dxc4 
9.bxc4 Qd3 10.Qb3 Rd8 11.Rd1 Qf5 12.d4 Qh5 13.Nc3 cxd4 14.Nxd4 Na5 15.Qa4 
Bd7 16.Ncb5 1/2-1/2